KOHA-Header-6

سیاست کے فروعون (Record no. 13694)

000 -LEADER
fixed length control field 00336nam a22001337a 4500
020 ## - INTERNATIONAL STANDARD BOOK NUMBER
ISBN 969001126x
082 ## - DEWEY DECIMAL CLASSIFICATION NUMBER
Classification number 808.74
Item number وک ی
100 ## - MAIN ENTRY--AUTHOR NAME
Personal name وکیل انجم
245 ## - TITLE STATEMENT
Title سیاست کے فروعون
260 ## - PUBLICATION, DISTRIBUTION, ETC. (IMPRINT)
Place of publication لاہور
Name of publisher فیروز سنز
300 ## - PHYSICAL DESCRIPTION
Number of Pages متفرق صفحات
650 ## - SUBJECT ADDED ENTRY--TOPICAL TERM
Topical Term Siyasat ke Fir'on
942 ## - ADDED ENTRY ELEMENTS (KOHA)
Koha item type Books
Holdings
Withdrawn status Lost status Collection code Permanent Location Current Location Shelving location Date acquired Full call number Accession Number Koha item type
    Urdu Literature MAJU MAJU Shelf No.A11 2023-01-23 808.74 وک ی 10784 Books

Powered by Koha